Local erea network design /

Enregistré dans:
Détails bibliographiques
Auteurs principaux: Hopper, A (Auteur), Temple, S (Auteur), Williamson, R (Auteur)
Format: Livre
Langue:anglais
Publié: Wokingham : Addison-Wesley, 1986
Édition:1.vyd.
Tags: Ajouter un tag
Pas de tags, Soyez le premier à ajouter un tag!

MARC

LEADER 00000nam a22000003a 4500
001 stu8397
005 20150617225806.3
008 950105s1986----xxu-----------------eng-d
040 |a STU  |b slo 
041 0 |a eng 
044 |a xxu 
080 |a 681.324 
100 1 |a Hopper, A  |4 aut 
245 1 |a Local erea network design /  |c [aut.] Hopper,A.; Temple,S.; Williamson,R 
250 |a 1.vyd. 
260 |a Wokingham :  |b Addison-Wesley,  |c 1986 
300 |a 184 s 
700 1 |a Temple, S  |4 aut 
700 1 |a Williamson, R  |4 aut 
996 |b I3441  |c I*3441  |l II680  |s A  |a 24  |w stu8397_0001